LEADER 02671nam 2200613 450 001 9910547695003321 005 20201124235806.0 010 $a3-631-83079-3 010 $a3-631-83078-5 035 $a(CKB)4100000011371241 035 $a(MiAaPQ)EBC6271161 035 $a(oapen)https://directory.doabooks.org/handle/20.500.12854/78394 035 $a(PPN)249698137 035 $a(EXLCZ)994100000011371241 100 $a20201124d2020 uy 0 101 0 $aeng 135 $aurcnu|||||||| 181 $ctxt$2rdacontent 182 $cc$2rdamedia 183 $acr$2rdacarrier 200 10$aCyprian Norwid and the history of Greece /$fMaciej Junkiert 210 $aBern$cPeter Lang International Academic Publishing Group$d2020 210 1$aNew York :$cPeter Lang,$d2020. 215 $a1 online resource (197 pages) $cillustrations 225 1 $aWarsaw studies in classical literature and culture 311 $a3-631-83077-7 330 $aAncient Greek history holds a special place in the works of many 19th-c. writers. The same goes for Cyprian Norwid, one of the most eminent poets in the history of Polish literature, a thinker, and an artist. This book scrutinizes Norwid?s fascination with Greek history and culture, especially his peculiar synthesis of Greek thought and Christianity. It focuses on the key themes of the relationship of Platonism with early Christian writings and their presence in Norwid?s contemporary culture, the opposition of memory and history in 19th-c. literature and social life, and the image of the artist and its influence on social life in modern everyday. The book analyzes Norwid?s oeuvre in a broad comparison with representatives of French, German, and British literature and the humanities. 410 0$aWarsaw studies in classical literature and culture. 606 $aHellenism in literature 607 $aGreece$xIn literature 607 $aGreece$2fast 608 $aLiterary criticism.$2lcgft 608 $aCriticism, interpretation, etc.$2fast 610 $aCyprian 610 $aGreece 610 $aHistory 610 $aHistory of Historiography 610 $aJunkiert 610 $aNineteenth-Century Literature 610 $aNorwid 610 $aPhilhellenism 610 $aPolish Literature 610 $aReception of Antiquity 610 $aRomanticism 615 0$aHellenism in literature. 676 $a891.8516 700 $aJunkiert$b Maciej$01208548 801 0$bMiAaPQ 801 1$bMiAaPQ 801 2$bMiAaPQ 906 $aBOOK 912 $a9910547695003321 996 $aCyprian Norwid and the history of Greece$92788095 997 $aUNINA LEADER 02593nam 2200625 450 001 9910829025103321 005 20230803200348.0 010 $a3-11-037088-3 024 7 $a10.1515/9783110316230 035 $a(CKB)3280000000038846 035 $a(EBL)1692488 035 $a(SSID)ssj0001332397 035 $a(PQKBManifestationID)12597617 035 $a(PQKBTitleCode)TC0001332397 035 $a(PQKBWorkID)11375840 035 $a(PQKB)11102811 035 $a(MiAaPQ)EBC1692488 035 $a(DE-B1597)209558 035 $a(OCoLC)890089689 035 $a(OCoLC)979633242 035 $a(DE-B1597)9783110316230 035 $a(Au-PeEL)EBL1692488 035 $a(CaPaEBR)ebr11010296 035 $a(EXLCZ)993280000000038846 100 $a20150213h20142014 uy 0 101 0 $aeng 135 $aurnn#---|u||u 181 $ctxt 182 $cc 183 $acr 200 10$aAlgebraic geometry $ea concise dictionary /$fElena Rubei 210 1$aBerlin, [Germany] ;$aBoston, [Massachusetts] :$cDe Gruyter,$d2014. 210 4$d©2014 215 $a1 online resource (240 p.) 300 $aDescription based upon print version of record. 311 0 $a3-11-031622-6 311 0 $a3-11-031623-4 320 $aIncludes bibliographical references. 327 $tFront matter --$tPreface --$tNotation --$tBibliography --$tList Of Terms 330 $aAlgebraic geometry is one of the most classic subjects of university research in mathematics. It has a very complicated language that makes life very difficult for beginners. This book is a little dictionary of algebraic geometry: for every of the most common words in algebraic geometry, it contains its definition, several references and the statements of the main theorems about that term (without their proofs). Also some terms of other subjects, close to algebraic geometry, have been included. It was born to help beginners that know some basic facts of algebraic geometry, but not every basic fact, to follow seminars and to read papers, by providing them with basic definitions and statements. The form of a dictionary makes it very easy and quick to consult. 606 $aGeometry, Algebraic$vDictionaries 610 $aAlgebraic Geometry. 610 $aDictionary. 610 $aHandbook. 615 0$aGeometry, Algebraic 676 $a516.3/503 686 $aSK 240$2rvk 700 $aRubei$b Elena$01596781 801 0$bMiAaPQ 801 1$bMiAaPQ 801 2$bMiAaPQ 906 $aBOOK 912 $a9910829025103321 996 $aAlgebraic geometry$93918286 997 $aUNINA LEADER 01071nas 2200349-a 450 001 996411147503316 005 20240413013650.0 011 $a1760-7523 035 $a(CKB)1000000000307357 035 $a(CONSER)--2005234897 035 $a(EXLCZ)991000000000307357 100 $a20051101a200u9999 --- - 101 0 $afre 200 00$aActualité juridique famille 210 $aParis $cDalloz 215 $a1 online resource 311 08$aPrint version: Actualité juridique famille. 1630-2206 (DLC) 2005234897 (OCoLC)62196921 517 1 $aAJ famille 531 $aAJ FAMILLE 606 $aDomestic relations$zFrance$vPeriodicals 606 $aFamilles$xDroit$zFrance$vPériodiques 606 $aDomestic relations$2fast$3(OCoLC)fst00896646 607 $aFrance$2fast 608 $aPeriodicals.$2fast 615 0$aDomestic relations 615 6$aFamilles$xDroit 615 7$aDomestic relations. 906 $aJOURNAL 912 $a996411147503316 920 $aexl_impl conversion 996 $aActualité juridique famille$92425132 997 $aUNISA